[Event "Titled Tuesday intern op 02nd Apr Late"]
[Site "Chess.com INT"]
[Date "2024.04.02"]
[Round "5"]
[White "Garcia Correa, Jose Ricardo"]
[Black "Merino Garcia, Rafael"]
[Result "1-0"]
[WhiteElo "2103"]
[BlackElo "2382"]
[PlyCount "65"]
[EventDate "2024.04.02"]
[EventType "swiss (blitz)"]
[EventRounds "11"]
[EventCountry "USA"]
[SourceTitle "CB15_2024"]
[SourceDate "2024.04.10"]
[SourceVersion "1"]
[SourceVersionDate "2024.04.10"]
[SourceQuality "1"]

1. e4 d6 2. d4 g6 3. Nc3 Bg7 4. f3 e6 5. Be3 Ne7 6. Qd2 a6 7. h4 h6 8. 0-0-0 b5 9. Kb1 Bb7 10. Nh3 Nd7 11. Nf4 Nb6 12. b3 b4 13. Nce2 a5 14. g4 Qb8 15. Nc1 Qa7 16. Bb5+ c6 17. Be2 Ba6 18. Nfd3 Bb5 19. f4 a4 20. Qxb4 axb3 21. cxb3 Nec8 22. f5 gxf5 23. gxf5 Bf8 24. d5 exd5 25. exd5 Bxd3+ 26. Bxd3 c5 27. Qe4+ Kd8 28. f6 Rg8 29. Rhe1 Kc7 30. Bb5 Rg3 31. Qf4 Rg2 32. Bxc5 Rxa2 33. Re7+ 1-0

[Event "Titled Tuesday intern op 02nd Apr Late"]
[Site "Chess.com INT"]
[Date "2024.04.02"]
[Round "6"]
[White "Merino Garcia, Rafael"]
[Black "Bartel, Marta"]
[Result "0-1"]
[WhiteElo "2382"]
[BlackElo "2214"]
[PlyCount "104"]
[EventDate "2024.04.02"]
[EventType "swiss (blitz)"]
[EventRounds "11"]
[EventCountry "USA"]
[SourceTitle "CB15_2024"]
[SourceDate "2024.04.10"]
[SourceVersion "1"]
[SourceVersionDate "2024.04.10"]
[SourceQuality "1"]

1. d4 Nf6 2. Nf3 g6 3. g3 Bg7 4. Bg2 0-0 5. 0-0 c6 6. c4 d5 7. cxd5 cxd5 8. Nc3 Ne4 9. Bf4 Nxc3 10. bxc3 Nc6 11. Qa4 Qa5 12. Qxa5 Nxa5 13. Nd2 Be6 14. Rab1 Rac8 15. Rfc1 b6 16. Nb3 Nc4 17. a4 h6 18. a5 g5 19. Bd2 bxa5 20. Be1 a4 21. Nc5 Bf5 22. Rb7 e5 23. Bxd5 Nd6 24. Rxa7 exd4 25. Nxa4 dxc3 26. Bxc3 Nb5 27. Ra5 Nxc3 28. Nxc3 Rxc3 29. Rd1 Bg6 30. Ra6 Kh7 31. Ra7 Rc2 32. e3 Rd8 33. e4 Rb2 34. Rc1 Bd4 35. Ra4 Bxf2+ 36. Kf1 Be3 37. Rc7 Kg7 38. Ra3 Bd4 39. Rf3 Rf8 40. Ke1 Rb6 41. Kf1 Rf6 42. Rxf6 Kxf6 43. Kg2 Ke5 44. Kf3 Rb8 45. Kg4 Rb2 46. h3 f6 47. Rh7 h5+ 48. Rxh5 Bxh5+ 49. Kxh5 Bf2 50. g4 Be3 51. Kg6 Bf4 52. h4 gxh4 0-1

[Event "Titled Tuesday intern op 02nd Apr Late"]
[Site "Chess.com INT"]
[Date "2024.04.02"]
[Round "4"]
[White "Merino Garcia, Rafael"]
[Black "Curi, Gabriel"]
[Result "0-1"]
[WhiteElo "2382"]
[BlackElo "2106"]
[PlyCount "120"]
[EventDate "2024.04.02"]
[EventType "swiss (blitz)"]
[EventRounds "11"]
[EventCountry "USA"]
[SourceTitle "CB15_2024"]
[SourceDate "2024.04.10"]
[SourceVersion "1"]
[SourceVersionDate "2024.04.10"]
[SourceQuality "1"]

1. d4 d5 2. Nf3 Nf6 3. c4 c6 4. e3 e6 5. Nbd2 c5 6. Bd3 Nc6 7. 0-0 cxd4 8. exd4 dxc4 9. Nxc4 Be7 10. Nce5 0-0 11. Nxc6 bxc6 12. Bf4 Qb6 13. Qc2 Ba6 14. Bxa6 Qxa6 15. Ne5 Rac8 16. Nd3 Nd5 17. Bg3 Nb4 18. Nxb4 Bxb4 19. a3 Be7 20. b4 Rfd8 21. Rfd1 Qb5 22. Be5 a5 23. bxa5 Qxa5 24. a4 c5 25. dxc5 Rxd1+ 26. Rxd1 Rxc5 27. Qb2 Rxe5 28. Qb8+ Bf8 29. g3 Rd5 30. Rc1 Rd8 31. Qb3 Ra8 32. Rc4 g6 33. h4 h5 34. Qc2 Qd5 35. Kh2 Bg7 36. Rf4 Rd8 37. Qc7 Qd7 38. Qc4 e5 39. Rf3 Re8 40. a5 Qe6 41. Qb5 e4 42. Re3 Bd4 43. Re2 e3 44. fxe3 Bxe3 45. a6 Ra8 46. Qb7 Qxa6 47. Qxa8+ Qxa8 48. Rxe3 Kg7 49. Kh3 Qa2 50. Rf3 Qa6 51. Rf4 Qe6+ 52. Kg2 Qe2+ 53. Rf2 Qd1 54. Rf1 Qd5+ 55. Rf3 Qd4 56. Rf2 f6 57. Kh2 Qe4 58. Re2 Qd3 59. Re7+ Kf8 60. Rd7 Qxd7 0-1

[Event "Titled Tuesday intern op 05th Sep Early"]
[Site "Chess.com INT"]
[Date "2023.09.05"]
[Round "3"]
[White "Merino Garcia, Rafael"]
[Black "Bacrot, Etienne"]
[Result "0-1"]
[WhiteElo "2407"]
[BlackElo "2660"]
[PlyCount "54"]
[EventDate "2023.09.05"]
[EventType "swiss (blitz)"]
[EventRounds "11"]
[EventCountry "USA"]
[SourceTitle "EXT 2024"]
[Source "ChessBase"]
[SourceDate "2023.10.10"]
[SourceVersion "1"]
[SourceVersionDate "2023.10.10"]
[SourceQuality "1"]

1. d4 d5 2. Nf3 Nf6 3. g3 Bf5 4. Bg2 e6 5. c4 c6 6. Nc3 Bd6 7. Qb3 Qc8 8. 0-0 Nbd7 9. Nh4 Bg6 10. Nxg6 hxg6 11. e4 dxe4 12. Nxe4 Nxe4 13. Bxe4 e5 14. dxe5 Nc5 15. Qc2 Qh3 16. Re1 Nxe4 17. Qxe4 Qxh2+ 18. Kf1 Qh1+ 19. Qxh1 Rxh1+ 20. Ke2 Rxe1+ 21. Kxe1 Bxe5 22. Kd1 0-0-0+ 23. Kc2 Bd4 24. f3 Rh8 25. Bd2 Rh3 26. Rd1 Rxg3 27. b3 Rxf3 0-1

[Event "Titled Tuesday intern op 05th Sep Early"]
[Site "Chess.com INT"]
[Date "2023.09.05"]
[Round "6"]
[White "Merino Garcia, Rafael"]
[Black "Orozbaev, Eldiar"]
[Result "0-1"]
[WhiteElo "2407"]
[BlackElo "2286"]
[PlyCount "54"]
[EventDate "2023.09.05"]
[EventType "swiss (blitz)"]
[EventRounds "11"]
[EventCountry "USA"]
[SourceTitle "EXT 2024"]
[Source "ChessBase"]
[SourceDate "2023.10.10"]
[SourceVersion "1"]
[SourceVersionDate "2023.10.10"]
[SourceQuality "1"]

1. d4 Nf6 2. Nf3 e6 3. g3 d5 4. Bg2 Be7 5. 0-0 0-0 6. c4 c6 7. Qc2 b6 8. Nbd2 Bb7 9. e4 Na6 10. cxd5 cxd5 11. e5 Nd7 12. a3 Rc8 13. Qd1 Ndb8 14. Nb1 Nc6 15. Nc3 Na5 16. h4 Qd7 17. h5 h6 18. Qe2 Nc7 19. Re1 Ba6 20. Qe3 Nb5 21. Nxb5 Qxb5 22. Qf4 Nb3 23. Be3 Nxa1 24. Rxa1 Qxb2 25. Rf1 Bxf1 26. Bxf1 Qb1 27. Qg4 Qf5 0-1

[Event "Titled Tuesday intern op 05th Sep Early"]
[Site "Chess.com INT"]
[Date "2023.09.05"]
[Round "7"]
[White "Merino Garcia, Rafael"]
[Black "Smietanska, Wiktoria"]
[Result "1-0"]
[WhiteElo "2407"]
[BlackElo "2071"]
[PlyCount "77"]
[EventDate "2023.09.05"]
[EventType "swiss (blitz)"]
[EventRounds "11"]
[EventCountry "USA"]
[SourceTitle "EXT 2024"]
[Source "ChessBase"]
[SourceDate "2023.10.10"]
[SourceVersion "1"]
[SourceVersionDate "2023.10.10"]
[SourceQuality "1"]

1. d4 Nf6 2. Nf3 g6 3. g3 Bg7 4. Bg2 0-0 5. 0-0 d6 6. b3 Nc6 7. Bb2 Bg4 8. h3 Bf5 9. Nfd2 e5 10. e4 Bd7 11. d5 Ne7 12. c4 Qc8 13. Kh2 Ne8 14. Nc3 f5 15. c5 dxc5 16. Rc1 f4 17. Nc4 Nd6 18. g4 Qe8 19. f3 g5 20. Nb1 Nxc4 21. Rxc4 Bb5 22. Rxc5 Bxf1 23. Bxf1 Qd7 24. Nd2 Ng6 25. Qc2 Rac8 26. Bb5 Qd8 27. b4 a6 28. Ba4 Nh4 29. Bb3 Kh8 30. Qd3 c6 31. d6 Qd7 32. Rxe5 Rfe8 33. Rxe8+ Rxe8 34. Bxg7+ Kxg7 35. Qd4+ Kg6 36. e5 Rd8 37. Bc2+ Kf7 38. Qe4 h6 39. Nc4 1-0

[Event "Titled Tuesday intern op 22nd Aug Late"]
[Site "Chess.com INT"]
[Date "2023.08.22"]
[Round "6"]
[White "Capp, Stephen P"]
[Black "Merino Garcia, Rafael"]
[Result "1/2-1/2"]
[WhiteElo "1920"]
[BlackElo "2407"]
[PlyCount "92"]
[EventDate "2023.08.22"]
[EventType "swiss (blitz)"]
[EventRounds "11"]
[EventCountry "USA"]
[SourceTitle "EXT 2024"]
[Source "ChessBase"]
[SourceDate "2023.10.10"]
[SourceVersion "1"]
[SourceVersionDate "2023.10.10"]
[SourceQuality "1"]

1. e4 d6 2. Nc3 Nd7 3. f4 g6 4. Nf3 Bg7 5. Bc4 e6 6. d3 Ne7 7. Bb3 Nc5 8. 0-0 Nxb3 9. axb3 0-0 10. Qe1 Nc6 11. Kh1 Nd4 12. Nxd4 Bxd4 13. Ne2 Bg7 14. Ng1 f5 15. Nf3 Qf6 16. c3 b6 17. e5 dxe5 18. Nxe5 Bb7 19. d4 c5 20. Be3 cxd4 21. cxd4 Qe7 22. Bd2 a5 23. Be3 Bd5 24. Ra3 Qb7 25. Qg3 Rfc8 26. h4 Rc2 27. Rf2 Rac8 28. Ra1 Be4 29. Raf1 b5 30. h5 gxh5 31. Qg5 h4 32. Rxc2 Rxc2 33. Qd8+ Bf8 34. Nd7 Rc8 35. Qg5+ Kh8 36. Nxf8 Rxf8 37. d5 Qxd5 38. Kh2 Qd8 39. Qh6 Rg8 40. Rf2 Rg6 41. Rd2 Qxd2 42. Qf8+ Rg8 43. Qf6+ Rg7 44. Qf8+ Rg8 45. Qf6+ Rg7 46. Qf8+ Rg8 1/2-1/2

[Event "Titled Tuesday intern op 22nd Aug Late"]
[Site "Chess.com INT"]
[Date "2023.08.22"]
[Round "8"]
[White "De Souza, Arthur Olintho"]
[Black "Merino Garcia, Rafael"]
[Result "0-1"]
[WhiteElo "2113"]
[BlackElo "2407"]
[PlyCount "76"]
[EventDate "2023.08.22"]
[EventType "swiss (blitz)"]
[EventRounds "11"]
[EventCountry "USA"]
[SourceTitle "EXT 2024"]
[Source "ChessBase"]
[SourceDate "2023.10.10"]
[SourceVersion "1"]
[SourceVersionDate "2023.10.10"]
[SourceQuality "1"]

1. e4 d6 2. d4 Nd7 3. Nc3 g6 4. Nge2 Bg7 5. g3 e6 6. Bg2 Ne7 7. 0-0 0-0 8. Be3 h6 9. Qd2 Kh7 10. f4 f5 11. Rad1 Nf6 12. d5 exd5 13. exd5 Bd7 14. Bd4 Qe8 15. Rfe1 Qf7 16. a4 Rad8 17. a5 c5 18. dxc6 Bxc6 19. Bxa7 Bxg2 20. Kxg2 d5 21. Nd4 Ne4 22. Qe3 Nc6 23. Nxc6 bxc6 24. Nxe4 fxe4 25. Bb6 Rde8 26. c3 h5 27. Bc5 Rg8 28. a6 Bh6 29. a7 g5 30. fxg5 Rxg5 31. Bd6 Rf5 32. Qb6 Qd7 33. Bb8 e3 34. a8Q Rf2+ 35. Kg1 Qh3 36. Qab7+ Kg8 37. Qf7+ Kxf7 38. Rf1 Qxh2# 0-1

[Event "Titled Tuesday intern op 22nd Aug Late"]
[Site "Chess.com INT"]
[Date "2023.08.22"]
[Round "7"]
[White "Merino Garcia, Rafael"]
[Black "Kohler, Aran"]
[Result "0-1"]
[WhiteElo "2407"]
[BlackElo "2011"]
[PlyCount "52"]
[EventDate "2023.08.22"]
[EventType "swiss (blitz)"]
[EventRounds "11"]
[EventCountry "USA"]
[SourceTitle "EXT 2024"]
[Source "ChessBase"]
[SourceDate "2023.10.10"]
[SourceVersion "1"]
[SourceVersionDate "2023.10.10"]
[SourceQuality "1"]

1. d4 d5 2. Nf3 c6 3. e3 Nf6 4. c4 Bg4 5. cxd5 Nxd5 6. Nbd2 e6 7. Bd3 c5 8. 0-0 cxd4 9. Qa4+ Nd7 10. Nxd4 N5b6 11. Qb3 Bh5 12. Ne4 Be7 13. Nxe6 fxe6 14. Qxe6 Nf6 15. Bb5+ Kf8 16. Nxf6 Bxf6 17. b3 Bf7 18. Ba3+ Kg8 19. Qg4 Bxa1 20. Rxa1 Qf6 21. Rd1 h5 22. Qg3 Rd8 23. Rc1 Rh6 24. Qc7 Rc8 25. Qxb7 Rxc1+ 26. Bxc1 Qa1 0-1

[Event "Titled Tuesday intern op 22nd Aug Late"]
[Site "Chess.com INT"]
[Date "2023.08.22"]
[Round "1"]
[White "Merino Garcia, Rafael"]
[Black "Mamedov, Edgar"]
[Result "0-1"]
[WhiteElo "2407"]
[BlackElo "2239"]
[PlyCount "66"]
[EventDate "2023.08.22"]
[EventType "swiss (blitz)"]
[EventRounds "11"]
[EventCountry "USA"]
[SourceTitle "EXT 2024"]
[Source "ChessBase"]
[SourceDate "2023.10.10"]
[SourceVersion "1"]
[SourceVersionDate "2023.10.10"]
[SourceQuality "1"]

1. d4 d5 2. Nf3 Nf6 3. g3 e6 4. Bg2 Be7 5. 0-0 0-0 6. c4 c6 7. Nc3 Nbd7 8. Nd2 b5 9. cxb5 cxb5 10. Nxb5 Qb6 11. Nc3 Qxd4 12. e4 Ba6 13. Re1 Bc5 14. Re3 dxe4 15. Na4 Rad8 16. Nxc5 Nxc5 17. Qc2 Bd3 18. Qc3 Qxc3 19. bxc3 Nd5 20. Re1 Nxc3 21. Ba3 Rc8 22. Bxc5 Rxc5 23. Nxe4 Bxe4 24. Bxe4 g6 25. Bf3 Rd8 26. Rac1 Rd2 27. a3 Ra2 28. Kg2 Rxa3 29. Re3 Kg7 30. h4 a5 31. Rc2 a4 32. h5 gxh5 33. Rd3 Rb3 0-1

[Event "Titled Tuesday intern op 15th Aug Late"]
[Site "Chess.com INT"]
[Date "2023.08.15"]
[Round "7"]
[White "Mendez Fortes, Eduardo Jesus"]
[Black "Merino Garcia, Rafael"]
[Result "1/2-1/2"]
[WhiteElo "2231"]
[BlackElo "2407"]
[PlyCount "148"]
[EventDate "2023.08.15"]
[EventType "swiss (blitz)"]
[EventRounds "11"]
[EventCountry "USA"]
[SourceTitle "EXT 2024"]
[Source "ChessBase"]
[SourceDate "2023.10.10"]
[SourceVersion "1"]
[SourceVersionDate "2023.10.10"]
[SourceQuality "1"]

1. e4 d6 2. d4 Nd7 3. Nc3 g6 4. f4 c5 5. Nf3 cxd4 6. Nxd4 Bg7 7. Be3 Ngf6 8. Bd3 0-0 9. 0-0 Nc5 10. Nb3 Nxd3 11. cxd3 Ng4 12. Bd2 Qb6+ 13. Kh1 Nf2+ 14. Rxf2 Qxf2 15. Nd5 e6 16. Ne3 Qh4 17. g3 Qe7 18. d4 Bd7 19. Bb4 Bc6 20. Qd3 f5 21. d5 exd5 22. exd5 Bd7 23. Nc4 Bb5 24. Re1 Qc7 25. Nbd2 Rfe8 26. Rd1 a5 27. Ba3 Rad8 28. b3 Ba6 29. Qf3 b5 30. Ne3 b4 31. Bc1 Qc3 32. Ndf1 Re4 33. Qf2 Rde8 34. Nc4 Bxc4 35. bxc4 Re2 36. Bd2 Rxf2 37. Bxc3 bxc3 38. Kg1 Ree2 39. c5 c2 40. Rc1 dxc5 41. d6 Rd2 42. d7 Rfe2 43. Rxc2 Rxd7 44. Rxe2 c4 45. Rc2 c3 46. Kg2 Rb7 47. Kf3 Rb2 48. Ne3 Bd4 49. Rc1 Bxe3 50. Kxe3 Rxh2 51. Rxc3 Rxa2 52. Kd4 Kg7 53. Ke5 a4 54. Rc7+ Kh6 55. Rc1 Rh2 56. Ra1 Re2+ 57. Kf6 Rh2 58. Rxa4 Kh5 59. Kg7 Kg4 60. Ra3 Rh3 61. Ra4 Rxg3 62. Kxh7 Rf3 63. Kxg6 Rxf4 64. Ra1 Ra4 65. Rxa4+ f4 66. Kf6 Kg3 67. Kf5 f3 68. Ra3 Kg2 69. Kg4 f2 70. Rg3+ Kh1 71. Rh3+ Kg1 72. Rg3+ Kh1 73. Rf3 Kg1 74. Rg3+ Kh1 1/2-1/2

[Event "Titled Tuesday intern op 08th Aug Late"]
[Site "Chess.com INT"]
[Date "2023.08.08"]
[Round "4"]
[White "Merino Garcia, Rafael"]
[Black "Smieszek, Wojciech"]
[Result "1-0"]
[WhiteElo "2407"]
[BlackElo "2118"]
[PlyCount "101"]
[EventDate "2023.08.08"]
[EventType "swiss (blitz)"]
[EventRounds "11"]
[EventCountry "USA"]
[SourceTitle "EXT 2024"]
[Source "ChessBase"]
[SourceDate "2023.10.10"]
[SourceVersion "1"]
[SourceVersionDate "2023.10.10"]
[SourceQuality "1"]

1. d4 Nf6 2. Nf3 c5 3. d5 e6 4. Nc3 b5 5. dxe6 fxe6 6. Nxb5 d5 7. c4 Be7 8. Bf4 Na6 9. g3 0-0 10. Bg2 Nh5 11. Be5 Bf6 12. 0-0 Bxe5 13. Nxe5 Nc7 14. e4 Nxb5 15. cxb5 Nf6 16. exd5 exd5 17. Nc6 Qd6 18. Bxd5+ Nxd5 19. Qxd5+ Qxd5 20. Ne7+ Kh8 21. Nxd5 Be6 22. Nc7 Bc4 23. Nxa8 Bxf1 24. Kxf1 Rxa8 25. Rc1 Rc8 26. b4 c4 27. a4 Kg8 28. Ke2 Kf7 29. Ke3 Ke6 30. Kd4 Rd8+ 31. Kc3 Rc8 32. Rd1 g5 33. Rd4 Rf8 34. f4 g4 35. Rxc4 Rf7 36. a5 Kf5 37. a6 h5 38. Rc5+ Ke4 39. Rxh5 Kf3 40. Kc4 Rc7+ 41. Rc5 Rd7 42. Rd5 Rc7+ 43. Kd4 Kg2 44. Rh5 Rc8 45. f5 Rb8 46. Kc5 Rb6 47. Rh4 Kf3 48. h3 gxh3 49. Rxh3 Kg4 50. Rh7 Kxf5 51. Rxa7 1-0

[Event "Titled Tuesday intern op 18th Jul Late"]
[Site "Chess.com INT"]
[Date "2023.07.18"]
[Round "6"]
[White "Ansh, M Shah"]
[Black "Merino Garcia, Rafael"]
[Result "1-0"]
[WhiteElo "2173"]
[BlackElo "2407"]
[PlyCount "77"]
[EventDate "2023.07.18"]
[EventType "swiss (blitz)"]
[EventRounds "11"]
[EventCountry "USA"]
[SourceTitle "EXT 2024"]
[Source "ChessBase"]
[SourceDate "2023.10.10"]
[SourceVersion "1"]
[SourceVersionDate "2023.10.10"]
[SourceQuality "1"]

1. d4 Nf6 2. c4 e6 3. Nc3 Bb4 4. e3 b6 5. Nge2 Bb7 6. a3 Bxc3+ 7. Nxc3 Ne4 8. Bd2 0-0 9. Rc1 f5 10. Bd3 Nxd2 11. Qxd2 Bxg2 12. Rg1 Bb7 13. d5 e5 14. Kd1 d6 15. Kc2 Nd7 16. f4 Qe7 17. Rg5 e4 18. Bf1 h6 19. Rg3 c6 20. Kb1 c5 21. Bh3 Kh8 22. Rcg1 Rf7 23. Nb5 Nf8 24. Bxf5 Rxf5 25. Rxg7 Qxg7 26. Rxg7 Kxg7 27. Nxd6 Rf6 28. Nxe4 Rg6 29. f5 Rg1+ 30. Ka2 Nd7 31. Qf2 Rg4 32. f6+ Kf8 33. Nd6 Ba6 34. e4 Ne5 35. Qf5 Rg5 36. Qe6 Bxc4+ 37. Nxc4 Nxc4 38. Qe7+ Kg8 39. f7+ 1-0

[Event "Titled Tuesday intern op 18th Jul Early"]
[Site "Chess.com INT"]
[Date "2023.07.18"]
[Round "5"]
[White "Merino Garcia, Rafael"]
[Black "Cardozo Munar, Carlos Eduardo"]
[Result "1-0"]
[WhiteElo "2407"]
[BlackElo "2043"]
[PlyCount "121"]
[EventDate "2023.07.18"]
[EventType "swiss (blitz)"]
[EventRounds "11"]
[EventCountry "USA"]
[SourceTitle "EXT 2024"]
[Source "ChessBase"]
[SourceDate "2023.10.10"]
[SourceVersion "1"]
[SourceVersionDate "2023.10.10"]
[SourceQuality "1"]

1. d4 d5 2. Nf3 c6 3. g3 Nf6 4. Bg2 Bf5 5. c4 Nbd7 6. Nc3 e6 7. Qb3 Qb6 8. c5 Qxb3 9. axb3 a6 10. b4 0-0-0 11. Nh4 Bc2 12. Kd2 Be4 13. Nxe4 dxe4 14. Kc2 h6 15. f4 Be7 16. f5 e5 17. dxe5 Nxe5 18. Bf4 Ned7 19. Rad1 Nd5 20. Bd2 Bxh4 21. gxh4 N7f6 22. Rhg1 Ng4 23. Kb3 Nf2 24. Rdf1 e3 25. Bc3 Nxc3 26. bxc3 Rd2 27. Bf3 Rg8 28. Rg3 g5 29. Bh5 f6 30. Rxe3 Nd1 31. Rg3 Rgd8 32. hxg5 Rb2+ 33. Kc4 hxg5 34. e4 Rb1 35. Bxd1 Rdxd1 36. Rxd1 Rxd1 37. Rh3 Re1 38. Rh6 Rxe4+ 39. Kd3 Rf4 40. Rxf6 Kd7 41. Rf7+ Ke8 42. Rxb7 Rxf5 43. Rb6 Kd7 44. Rxa6 Rf2 45. Ra7+ Kd8 46. Rh7 Rg2 47. Kc4 Kc8 48. Kb3 Rf2 49. c4 g4 50. b5 Rf3+ 51. Kb4 Rf1 52. Ka5 Rc1 53. Kb6 cxb5 54. cxb5 Kd8 55. c6 Rc2 56. c7+ Kc8 57. Rh8+ Kd7 58. Rh7+ Kc8 59. Rh8+ Kd7 60. Rd8+ Ke7 61. c8Q 1-0

[Event "Titled Tuesday intern op 18th Jul Early"]
[Site "Chess.com INT"]
[Date "2023.07.18"]
[Round "7"]
[White "Merino Garcia, Rafael"]
[Black "Dubreuil, Julien"]
[Result "0-1"]
[WhiteElo "2407"]
[BlackElo "2173"]
[PlyCount "68"]
[EventDate "2023.07.18"]
[EventType "swiss (blitz)"]
[EventRounds "11"]
[EventCountry "USA"]
[SourceTitle "EXT 2024"]
[Source "ChessBase"]
[SourceDate "2023.10.10"]
[SourceVersion "1"]
[SourceVersionDate "2023.10.10"]
[SourceQuality "1"]

1. d4 d5 2. Nf3 Nf6 3. c4 e6 4. e3 c5 5. Nc3 a6 6. a3 Nbd7 7. cxd5 exd5 8. Be2 c4 9. 0-0 Bd6 10. Nd2 0-0 11. e4 Nxe4 12. Ndxe4 dxe4 13. Bxc4 Nf6 14. h3 Bc7 15. Ne2 b5 16. Bb3 Bb7 17. Bg5 Rc8 18. Rc1 Qd6 19. Bf4 Qd7 20. Qd2 Rfe8 21. Rc5 Bxf4 22. Qxf4 Bd5 23. Bxd5 Nxd5 24. Qg5 Rcd8 25. Rfc1 h6 26. Qh5 Re6 27. Ng3 Nf4 28. Qg4 Nd3 29. Rc7 Nxc1 30. Rxd7 Rxd7 31. Nf5 g6 32. Nxh6+ Kf8 33. d5 Rxd5 34. Qf4 Ne2+ 0-1

[Event "Titled Tuesday intern op 18th Jul Late"]
[Site "Chess.com INT"]
[Date "2023.07.18"]
[Round "4"]
[White "Przybylski, Wojciech"]
[Black "Merino Garcia, Rafael"]
[Result "1-0"]
[WhiteElo "2308"]
[BlackElo "2407"]
[PlyCount "47"]
[EventDate "2023.07.18"]
[EventType "swiss (blitz)"]
[EventRounds "11"]
[EventCountry "USA"]
[SourceTitle "EXT 2024"]
[Source "ChessBase"]
[SourceDate "2023.10.10"]
[SourceVersion "1"]
[SourceVersionDate "2023.10.10"]
[SourceQuality "1"]

1. d4 d6 2. e4 Nd7 3. Nf3 g6 4. h4 h6 5. Bc4 e6 6. Nc3 Bg7 7. a3 Ne7 8. a4 a6 9. a5 b5 10. axb6 cxb6 11. Bd3 Bb7 12. Qe2 b5 13. Bf4 Nf6 14. e5 dxe5 15. dxe5 Nfd5 16. Nxd5 Nxd5 17. Bd2 0-0 18. h5 g5 19. Qe4 Re8 20. Qh7+ Kf8 21. Bxg5 hxg5 22. h6 Bxe5 23. Nxe5 Qf6 24. Nd7+ 1-0

[Event "Titled Tuesday intern op 18th Jul Early"]
[Site "Chess.com INT"]
[Date "2023.07.18"]
[Round "3"]
[White "Tregubov, Pavel V"]
[Black "Merino Garcia, Rafael"]
[Result "1-0"]
[WhiteElo "2567"]
[BlackElo "2407"]
[PlyCount "89"]
[EventDate "2023.07.18"]
[EventType "swiss (blitz)"]
[EventRounds "11"]
[EventCountry "USA"]
[SourceTitle "EXT 2024"]
[Source "ChessBase"]
[SourceDate "2023.10.10"]
[SourceVersion "1"]
[SourceVersionDate "2023.10.10"]
[SourceQuality "1"]

1. e4 d6 2. d4 Nd7 3. Nc3 g6 4. Nf3 Bg7 5. Be2 a6 6. 0-0 b5 7. a4 b4 8. Nd5 e6 9. Nxb4 Bb7 10. d5 e5 11. a5 Ne7 12. c4 0-0 13. Nd3 h6 14. b4 f5 15. Nd2 fxe4 16. Nxe4 Nf5 17. Re1 Qh4 18. Bf1 Nd4 19. Bb2 Rf7 20. Bxd4 exd4 21. g3 Qd8 22. Bh3 Kh7 23. Be6 Rf8 24. f4 Nf6 25. Qf3 Qe7 26. Nd2 Qd8 27. Nb3 Bc8 28. Rad1 Bxe6 29. Rxe6 Nd7 30. Rde1 Rf7 31. Kg2 Qf8 32. h4 Ne5 33. Qe4 Nxc4 34. Nxd4 Nd2 35. Qxg6+ Kh8 36. Re8 Rxe8 37. Ne6 Rxe6 38. dxe6 Rf6 39. Qh5 Qe7 40. f5 d5 41. Nf4 Qxb4 42. e7 Ne4 43. e8Q+ Kh7 44. Qhg6+ Rxg6 45. fxg6# 1-0

[Event "Titled Tuesday intern op 11th Jul Late"]
[Site "Chess.com INT"]
[Date "2023.07.11"]
[Round "4"]
[White "Antonio, Jorge Carlos"]
[Black "Merino Garcia, Rafael"]
[Result "0-1"]
[WhiteElo "2277"]
[BlackElo "2407"]
[PlyCount "88"]
[EventDate "2023.07.11"]
[EventType "swiss (blitz)"]
[EventRounds "11"]
[EventCountry "USA"]
[SourceTitle "EXT 2024"]
[Source "ChessBase"]
[SourceDate "2023.10.10"]
[SourceVersion "1"]
[SourceVersionDate "2023.10.10"]
[SourceQuality "1"]

1. d4 Nf6 2. Nf3 e6 3. Bg5 h6 4. Bh4 b6 5. e3 Bb7 6. Be2 d6 7. 0-0 Nbd7 8. c4 g5 9. Bg3 Ne4 10. Nbd2 Nxg3 11. fxg3 Bg7 12. Bd3 Nf6 13. Qe2 c5 14. Rae1 Qe7 15. b3 Nd7 16. h3 f5 17. e4 f4 18. gxf4 gxf4 19. d5 0-0-0 20. dxe6 Qxe6 21. a4 Rhg8 22. a5 Bf6 23. Kh1 Rg3 24. Nh2 Be5 25. Ndf3 Rdg8 26. Rf2 Qg6 27. axb6 axb6 28. Ra1 Bxa1 29. e5 Qg7 30. e6 Ne5 31. Nxe5 Bxe5 32. Be4 Bxe4 33. Qxe4 Qb7 34. Qxb7+ Kxb7 35. Ng4 h5 36. Nh6 Re8 37. Nf5 Rxb3 38. e7 Rb1+ 39. Kh2 h4 40. Rd2 Kc6 41. Ra2 f3+ 42. g3 hxg3+ 43. Nxg3 Rxe7 44. h4 Rg7 0-1

[Event "Titled Tuesday intern op 11th Jul Late"]
[Site "Chess.com INT"]
[Date "2023.07.11"]
[Round "5"]
[White "Dubnevych, Maksym"]
[Black "Merino Garcia, Rafael"]
[Result "0-1"]
[WhiteElo "2251"]
[BlackElo "2407"]
[PlyCount "138"]
[EventDate "2023.07.11"]
[EventType "swiss (blitz)"]
[EventRounds "11"]
[EventCountry "USA"]
[SourceTitle "EXT 2024"]
[Source "ChessBase"]
[SourceDate "2023.10.10"]
[SourceVersion "1"]
[SourceVersionDate "2023.10.10"]
[SourceQuality "1"]

1. d4 Nf6 2. Nc3 e6 3. Bf4 Bb4 4. Nf3 b6 5. a3 Bxc3+ 6. bxc3 Bb7 7. g3 d6 8. Bg2 Nbd7 9. 0-0 Qe7 10. Bg5 h6 11. Bxf6 Nxf6 12. Nd2 Bxg2 13. Kxg2 c5 14. e4 e5 15. Qe2 0-0 16. d5 Nd7 17. a4 f5 18. f3 a6 19. Rab1 Rab8 20. Nc4 h5 21. exf5 Rxf5 22. Ne3 Rf6 23. Qxa6 Rbf8 24. Qe2 h4 25. Ng4 Rg6 26. Qe4 Qf7 27. c4 Rg5 28. gxh4 Rf5 29. Ne3 Rf4 30. Qd3 Rxf3 31. Qe4 Rf2+ 32. Kg1 Rf4 33. Qg2 Qh5 34. Rxf4 exf4 35. Ng4 f3 36. Qg3 Ne5 37. Nxe5 f2+ 38. Kf1 dxe5 39. d6 Rf3 40. Qg5 Qe8 41. Rd1 Qe6 42. d7 Qxc4+ 43. Rd3 Rxd3 44. cxd3 Qxd3+ 45. Kxf2 Qxd7 46. Qxe5 Qf7+ 47. Kg3 Qg6+ 48. Kh3 Qf6 49. Qb8+ Kh7 50. Qg3 Qe6+ 51. Kg2 Qg6 52. Kf3 Qxg3+ 53. hxg3 Kg6 54. g4 Kf6 55. Ke4 Ke6 56. g5 Kf7 57. Kd5 Kg6 58. Kc6 c4 59. Kxb6 c3 60. a5 c2 61. a6 c1Q 62. a7 Qb2+ 63. Kc7 Qa3 64. Kb8 Kh5 65. Ka8 Kxh4 66. Kb8 Kg4 67. Ka8 Kxg5 68. Kb8 Qxa7+ 69. Kxa7 Kh4 0-1

[Event "Titled Tuesday intern op 11th Jul Late"]
[Site "Chess.com INT"]
[Date "2023.07.11"]
[Round "1"]
[White "Eljanov, Pavel"]
[Black "Merino Garcia, Rafael"]
[Result "0-1"]
[WhiteElo "2694"]
[BlackElo "2407"]
[PlyCount "60"]
[EventDate "2023.07.11"]
[EventType "swiss (blitz)"]
[EventRounds "11"]
[EventCountry "USA"]
[SourceTitle "EXT 2024"]
[Source "ChessBase"]
[SourceDate "2023.10.10"]
[SourceVersion "1"]
[SourceVersionDate "2023.10.10"]
[SourceQuality "1"]

1. e4 d6 2. d4 Nd7 3. Nc3 g6 4. Be3 Bg7 5. Qd3 a6 6. a4 b6 7. f4 Bb7 8. Nf3 e6 9. Be2 Ne7 10. 0-0 0-0 11. Qd2 Nf6 12. Bd3 Ng4 13. Ne2 c5 14. c3 f5 15. Ng5 Qd7 16. Kh1 h6 17. exf5 hxg5 18. fxg6 Qc6 19. Rf3 Nf5 20. Bxf5 Rxf5 21. h3 Nxe3 22. Qxe3 Re8 23. Raf1 cxd4 24. cxd4 Qe4 25. Qf2 gxf4 26. Nxf4 Qxd4 27. Qh4 Bxf3 28. Rxf3 Qd1+ 29. Kh2 Qc2 30. Nxe6 Be5+ 0-1